Loading...
| Science - Physics | 1 | 3 | 1 | 0 | 40 | 52 | 90.50 | 0 | 2 | 12.21 | 26.52 |
| Other Science (Math) | 1 | 2 | 0 | 1 | 35 | 43 | 95.00 | 2 | 2 | 16.44 | 35.99 |
| Other Science (Engineering) | 0 | 1 | 0 | 0 | 10 | 90 | 90.00 | 0 | 1 | 37.06 | 80.00 |
| Literature - American | 0 | 1 | 0 | 1 | 10 | 160 | 160.00 | 0 | 0 | 0.05 | 0.51 |
| Science - Chemistry | 0 | 1 | 0 | 0 | 10 | 150 | 150.00 | 0 | 0 | 0.05 | 2.56 |
| Other Science (Computer Science) | 0 | 1 | 1 | 0 | 5 | 94 | 94.00 | 0 | 0 | 12.58 | 22.22 |
| Science - Biology | 0 | 1 | 1 | 0 | 5 | 143 | 143.00 | 0 | 0 | 0.05 | 3.30 |
| Mythology | 0 | 0 | 0 | 0 | 0 | 0.00 | 0 | 0 | 0.00 | 0.00 | |
| History - American | 0 | 0 | 1 | 0 | -5 | 0.00 | 0 | 0 | 0.00 | 0.00 |